000 00406nam a22001457a 4500
020 _a0071134484
082 _a620.105
_bLAR
_cN-01, P-44
100 _aLandoner, T.J
_940655
245 _aMechanics of solids
_cLandoner, T.J
260 _aNew York, London
_bMcGraw-Hill
_c1994
300 _axvii, 802 p.
_bill.
_c26 cm.
526 _a0
_b0
_c0
_d620_105000000000000_LAR
650 _aMCE
_9379
942 _2ddc
_cBK
999 _c544908
_d544908